| 000 | 00896nam a22002415i 4500 | ||
|---|---|---|---|
| 001 | 164945 | ||
| 003 | ES-MaACL | ||
| 005 | 20230906213034.0 | ||
| 008 | 030303s1874 gw |||| | fre d | ||
| 040 |
_aCCPB | B _bspa _cCCPB | B |
||
| 100 | 1 |
_aSchmidt, J.A.E. _9132555 |
|
| 245 | 1 | 0 |
_aNouveau dictionnaire portatif russe-français et français-russe / _cpar J.A.E. Schmidt. |
| 250 |
_aÉd. stéréotype _bnouvelle impression. |
||
| 260 |
_aLeipzic : _bchez Otto Holtze, _c1874 ( _fimprimerie de Metzger & Wittig) |
||
| 300 |
_a736 p. ; _c15 cm. |
||
| 594 | 1 | _aPort. paralela en ruso. | |
| 650 | 4 |
_aLengua rusa- _xDiccionarios- _xFrancés. _9136371 |
|
| 650 | 4 |
_aLengua francesa- _vDiccionarios- _xLengua rusa. _9224100 |
|
| 752 |
_aAlemania - _dLeipzig |
||
| 852 |
_aES-MaACL _jG-13766 _z-- Enc. pasta española, conservando la cub. original |
||
| 999 |
_c164945 _d164945 |
||